00341nam a22001337a 4500003000700000005001700007008004100024082001800065100002300083245003100106260003700137300000800174650002500182MPLRDC20220104123614.0210129b ||||| |||| 00| 0 eng d a216.9 YDS c.2 a杨大省居士编 a科学时代的轮回录c ab金马化三宝万佛寺c1984 b平 a灵魂论; 来生论